Регионална библиотека "Любен Каравелов" - Русе

Терариумни животни (Запис номер 19758)

MARC детайли
000 -Лидер
Контролно поле с фиксирана дължина 01572nam a2200349 a 4500
003 - Код на организацията, давaща контролен номер
Контролно поле BLK
005 - Дата и час на последна редакция
Контролно поле 20250502174115.0
008 - Елементи от данни с фиксирана дължина
fixed length control field 180413b bul|||||r ||||||| ||bul||
010 ## - Наследен системен номер
LC control number KNG00021911000
040 ## - Източник на каталожния запис
Идентификатор на билиотеката - собственик на записа BLK
041 ## - Код за език
Код за езика на текст/звукозапис или на отделно заглавие Български
Код за езика КДБФ Български
080 ## - УДК
Текстов определител УДК Други животни, отглеждани от човека - морско свинче, питомен заек, животни с ценни кожи, слон, змии и др. (не включени в 636.1/.8). Вж и 639.2/.5
УДК код - определител по УДК 636.9
УДК определител (035)
УДК - код + определител 636.9(035)
100 1# - Редна дума - Автор
Автор Вернер, Ото
Авторска отговорност първи автор
R(LIN) 264065
139 ## - Редно поле
Редна дума Вернер, Ото
Авторски знак Верн - В 50
245 10 - Сведения за заглавието
Заглавие Терариумни животни
Редно поле (дума) Ото Вернер ; прев. от нем. Радка Андреева.
257 ## - Страна на издаване
Страна на създаване/издаване Германия
260 ## - Област на издателските данни
Име на издателя, разпространителя и проч. Емас
Година на издаване 1998
Печатница (София : Балкан прес)
Място на издаване, разпространение и проч. София :
300 ## - Физическа характеристика
Страници 95 с.
Илюстрации и др. с ил., сх., 4 л. цв. ил.
Размери/Мащаб 20 см
380 ## - Жанр
Жанр Селско стопанство
490 ## - СЕРИИ (Колекции)
Име на серия Домашни любимци
9 (RLIN) 203679
500 ## - Общи забележки
Забележка Ориг. загл. Unser erstes terrarium / Otto Werner ; 1 000 тир.
650 #4 - Допълнително описание по предмет – тема
Основно описание – тема или топоним Терариуми
9 (RLIN) 173527
650 #4 - Допълнително описание по предмет – тема
Основно описание – тема или топоним Животни, домашни - отглеждане
9 (RLIN) 264067
653 ## - Ключова дума – ненормативна
Ключова дума животни
700 1# - Други автори (авторска отговорност)
Лично име Андреева, Радка
Автороска отговорност (Описва отношението между автора и произведението) прев. от нем.
9 (RLIN) 264066
852 ## - Местоположение
Форматна сигнатура Цб 196674
Фондова буква Хранилище
999 ## - СИСТЕМНИ КОНТРОЛНИ НОМЕРА
Koha biblionumber 19758
Koha biblioitemnumber 19758
942 ## - АРТИКУЛИ
Вид на библиотечния материал Книги
Скрит в OPAC Не
Koha issues (borrowed), all copies 4
Периодичен библиозапис Да
944 ## - СЪЗДАВАНЕ И РЕДАКЦИЯ на ЗАПИСА
Създаване/Редакция Създаване
Дата на регистрацията/редакция 15.01.2003
Служител, извършил регистрацията/редакцията 30551
Статус, дата на статуса Бояна Костадинова
944 ## - СЪЗДАВАНЕ И РЕДАКЦИЯ на ЗАПИСА
Създаване/Редакция Редакция
Дата на регистрацията/редакция 21.10.2008
944 ## - СЪЗДАВАНЕ И РЕДАКЦИЯ на ЗАПИСА
Създаване/Редакция Редакция
Дата на регистрацията/редакция 2023-02-22
Служител, извършил регистрацията/редакцията Ренета Константинова
999 ## - СИСТЕМНИ КОНТРОЛНИ НОМЕРА
Koha biblioitemnumber 19758
Наличности
Код за отписване Код за изгубен артикул Източник на класификационната схема Код за повреда Коз за рестрикции Код за отдаване Артикулен № Име на библиотеката - собственик Име на библиотеката, в която се намира в момента Статус (Текущо местоположение) Дата на вписване в системата Местоположение - отдел Цена в лева Инвентарен номер Систематично азбучна сигнатура Баркод Номер на екземпляра Цена в евро Служебна бележка Служебен тип на артикула
  Не е изгубен Universal Decimal Classification Не е повреден без рестрикции заемане за дома 32928 Регионална библиотека "Любен Каравелов" Русе Регионална библиотека "Любен Каравелов" Русе Детски отдел 2001-01-01 Детски отдел 3.80 654150 ДН 636/639/В50-О 120000654150 1 1.94 Дата инв: 20.08.2015 Бележки инв: Д2015 Книги
  Не е изгубен Universal Decimal Classification Не е повреден без рестрикции ползва се в читалня 32929 Регионална библиотека "Любен Каравелов" Русе Регионална библиотека "Любен Каравелов" Русе Хранилище 2001-01-01 Хранилище 0.00 640191 Цб 196674 120000640191 2 0.00   Книги
  Не е изгубен   Не е повреден без рестрикции заемане за дома 32930 Регионална библиотека "Любен Каравелов" Русе Регионална библиотека "Любен Каравелов" Русе Детски отдел 2008-09-30 Детски отдел 4.20 120000729978 ДН 636/639/В 50 120000729978 3 2.15 Дост: Pk Вид: Ф N: 8938 Дата: 24.09.2008 Дата инв: 20.08.2015 Бележки инв: Д2015 Книги
  Не е изгубен   Не е повреден без рестрикции заемане за дома 32931 Регионална библиотека "Любен Каравелов" Русе Регионална библиотека "Любен Каравелов" Русе Детски отдел 2008-09-30 Детски отдел 4.20 120000729979 ДН 636/639/В 50 120000729979 4 2.15 Дост: Pk Вид: Ф N: 8938 Дата: 24.09.2008 Дата инв: 20.08.2015 Бележки инв: Д2015 Книги
  Не е изгубен   Не е повреден без рестрикции заемане за дома 32932 Регионална библиотека "Любен Каравелов" Русе Регионална библиотека "Любен Каравелов" Русе Детски отдел 2008-09-30 Детски отдел 4.20 120000729980 ДН 636/639/В 50 120000729980 5 2.15 Дост: Pk Вид: Ф N: 8938 Дата: 24.09.2008 Дата инв: 20.08.2015 Бележки инв: Д2015 Книги
Vip Innovations Ltd, Rousse, Bulgaria 2025